Cash pooling - firemné riešenia pre vysoké úročenie zostatkov

Popis bankového produktu Cash pooling určený pre klientov s viacerými účtami, alebo pre viac previazaných spoločností a jeho vylepšené verzie. Cash pooling reálny na vykonávanie automatizovaných prevodov. Cash pooling fiktívny zabezpečuje vyhodnotenie zostatkov na zapojených účtoch klienta s násle...

Descrizione completa

Salvato in:
Dettagli Bibliografici
Natura: Capitolo di libro
Lingua:slovacco
Soggetti:
Tags: Aggiungi Tag
Nessun Tag, puoi essere il primo ad aggiungerne!!

MARC

LEADER 00000naa$a2200000$$$4500
001 0021978
005 20231004124841.7
041 0 |a slo 
044 |a SK 
245 1 0 |a Cash pooling - firemné riešenia pre vysoké úročenie zostatkov 
520 |a Popis bankového produktu Cash pooling určený pre klientov s viacerými účtami, alebo pre viac previazaných spoločností a jeho vylepšené verzie. Cash pooling reálny na vykonávanie automatizovaných prevodov. Cash pooling fiktívny zabezpečuje vyhodnotenie zostatkov na zapojených účtoch klienta s následným stanovením úrokovej sadzby a pri vykonávaní jednodňových termínovaných vkladov rieši klientovi nevýhody v podobe dennej komunikácie s bankou o úrokovej sadzbe a výške vkladu. Klient môže prostredníctvom internetu denne kontrolovať vývoj úrokovej sadzby na svojich účtoch. 
610 2 0 |a banky 
610 2 0 |a produkty 
610 2 0 |a klienti 
610 2 0 |a účty bankové 
610 2 0 |a prevod bankový 
610 2 0 |a vklady 
610 2 0 |a úrok